Maisie Peters - Want You Back - Statistics

General Stats
  • This quiz has been taken 40 times
  • The average score is 293 of 343
Answer Stats
Answer % Correct
I
100%
a
95%
me,
95%
me
95%
the
95%
The
95%
with
95%
you
95%
you,
95%
You
95%
all
89%
an
89%
and
89%
And
89%
back
89%
But
89%
But,
89%
but
89%
daughter
89%
did
89%
go
89%
if
89%
is
89%
it
89%
it,
89%
It
89%
know
89%
of
89%
still
89%
teacher’s
89%
that
89%
this
89%
to
89%
want
89%
was
89%
what
89%
when
89%
bad
84%
be
84%
bible
84%
bulletproof
84%
cheap
84%
dangerous
84%
don’t
84%
for
84%
had
84%
like
84%
mad
84%
might
84%
more
84%
one
84%
person
84%
read
84%
says
84%
So
84%
text
84%
vest
84%
Yeah,
84%
your
84%
assassin,
79%
away
79%
best
79%
‘Cause
79%
didn’t
79%
got
79%
her,
79%
issue
79%
last
79%
little
79%
maybe
79%
not
79%
only
79%
our
79%
respect
79%
self
79%
she
79%
side
79%
tell
79%
that’s
79%
wanna
79%
we
79%
wore
79%
you’d
79%
again
74%
any
74%
baby,
74%
bet
74%
coward
74%
darling
74%
doesn’t
74%
flinch
74%
Found
74%
get
74%
him
74%
kiss
74%
longer
74%
lover
74%
lover,
74%
met
74%
minute
74%
must
74%
myself
74%
out
74%
passenger
74%
photographs
74%
sing
74%
soul,
74%
stranger,
74%
stronger
74%
summer
74%
tomorrow
74%
touch
74%
treading
74%
water
74%
would
74%
yours
74%
yourself
74%
allowed
68%
am
68%
DJ
68%
every
68%
everything
68%
half
68%
have
68%
I’d
68%
left
68%
made
68%
real
68%
right
68%
salvaged
68%
She’ll
68%
spring
68%
think
68%
till
68%
Till
68%
wanted
68%
wasn’t
68%
happen,
63%
told
63%
would’ve
63%
you’ve
63%
begged
58%
caught
58%
thrown
58%
covers,
53%
Slept
53%
under
53%
rhyme
21%
No matching quizzes found
Score Distribution
Percent of People with Each Score
Percentile by Number Answered
Your Score History
You have not taken this quiz